00597nam a22001817a 450000500170000001000130001702000260003003500130005603700090006908200060007810000160008424500550010026000380015527001150019330000230030850000670033170000170039820211007111624.0 aB-741711 a9789353791032c350.00 aB-741711 aGift aN aBhatia,H.S. aM.E.G.-3,British Novel /cH.S. Bhatia & N.K.Mangla a DelhibNeeraj Publicationsc202? a1507,Ist Floor,Nai Sarakb Delhie110006k011-23260329,45704411, 23244362, 23285501minfo@neerajignoubooks.com a275p. c24cm(pbk)  aI.G.N.O.U. Based Queation Bank Cum Chapterwise Reference Book aMangla, N.K.